Music Quiz

Random Music or Song Quiz

Beatles Song by it's Lyrics Quiz Stats

 Plays Quiz not verified by Sporcle

Challenge
Share
Tweet
Embed
Score 0/15 Timer 05:00
0 Plays Today
Lyrics Song % Correct
I'll buy you a diamond ring my friend, if it makes you feel alright.Can't Buy Me Love
96.8%
What would you thing if I sang out of tune?With a Little Help From My Friends
95.2%
Close your eyes and I'll kiss youAll My Loving
92.8%
Here come old flat top, he come groovin' up slowlyCome Together
92%
Oh Yeah, tell you something I think you'll understandI Want to Hold Your Hand
91.2%
I think I'm gonna be sad, I think it's today yeah.Ticket to Ride
90.4%
Got a good reason, for taking the easy way out.Day Tripper
88.8%
There's nothing you can do that can't be done.All You Need Is Love
87.2%
Lyrics Song % Correct
Living is easy with eyes closed, misunderstanding all you see.Strawberry Fields Forever
79.2%
I'm so glad, that she's my little girlI Feel Fine
78.4%
If I give my heart to you, I must be sure...If I Fell
68.8%
I don't know how you were you were diverted you were peverted too.While My Guitar Gently Weeps
68%
We said our goodbyes. Love was in your eyes.the Night Before
55.2%
I don't want to kiss or hold your handI'm Happy Just to Dance With You
48%
I've got a word or two, to say about the things that you do.Think For Yourself
47.2%

You're not logged in!

Compare scores with friends on all Sporcle quizzes.
OR
Log In

You Might Also Like...

Show Comments

Extras

Top Quizzes Today


Score Distribution

Your Account Isn't Verified!

In order to create a playlist on Sporcle, you need to verify the email address you used during registration. Go to your Sporcle Settings to finish the process.

Report this User

Report this user for behavior that violates our Community Guidelines.

Details: